| 000 | 00515nam a2200217Ia 4500 | ||
|---|---|---|---|
| 999 |
_c388 _d388 |
||
| 003 | 0100 | ||
| 008 | 130227s9999 xx 000 0 und d | ||
| 040 | _cARRUPELIB | ||
| 050 | _aDT929.P3 1982 | ||
| 100 |
_aLongford, Elizabeth _940200 |
||
| 245 |
_aJameson's Raid: _bthe prelude to the boer war / |
||
| 260 |
_aLondon _bGranada Publishing _c1982 |
||
| 300 | _a349p. | ||
| 300 | _b 20cm. | ||
| 650 |
_aJameson's Raid _940199 |
||
| 942 |
_2lcc _cMONOGRAPH |
||